As dez maiores cordilheiras do mundo (Registo nº 2757)
[ vista simples ]
| 000 -Etiqueta do registo | |
|---|---|
| Cabeçalho | 00835nam a22002771 4500 |
| 005 - Identificador da versão | |
| Campo de controlo | 20240828112652.0 |
| 010 ## - Número internacional normalizado dos livros (ISBN) | |
| Número (ISBN) | 9724215105 |
| 021 ## - Número do Depósito Legal | |
| Código do país | PT |
| Número | 107282/97 |
| 100 ## - Dados gerais de processamento | |
| Dados gerais de processamento | 19980602d1997 da y0pory5003 ba |
| 101 1# - Língua de publicação | |
| Língua do texto, banda sonora, etc. | Português |
| Língua do documento no original | Inglês |
| 102 ## - Pais de publicação ou produção | |
| País de publicação | Portugal |
| 105 ## - Campo de dados codificados: livros | |
| Dados codificados dos livros | a z 001yy |
| 106 ## - Campo de dados codificados: material textual | |
| Dados codificados do material textual | r |
| 200 1# - Titulo e menção de responsabilidade | |
| Título próprio | As dez maiores cordilheiras do mundo |
| Primeira menção de responsabilidade | Neil Morris |
| Outras menções de responsabilidade | il. Vanessa Card |
| -- | trad. Ana Maria Pinto da Silva |
| 210 ## - Publicação, Distribuição, etc. | |
| Lugar da edição, distribuição, etc. | [Lisboa] |
| Nome do editor, distribuidor, etc. | Círculo de Leitores |
| Data da publicação, distribuição, etc. | imp. 1997 |
| 215 ## - Descrição física | |
| Indicação específica da natureza do documento e extensão da espécie | 32 p. |
| Outras indicações físicas | il. |
| Dimensões | 29 cm |
| 225 2# - Colecção | |
| Título próprio da colecção | Os dez maiores |
| 304 ## - Notas relativas a título e menção de responsabilidade | |
| Texto da nota | Tít. orig.: The world's top ten mountain ranges |
| 606 ## - Nome comum usado como assunto | |
| Número de registo de entrada de autoridade | 0001718 |
| Palavra de ordem | Geografia |
| Subdivisão de assunto | Cordilheiras |
| 675 ## - Classificação Decimal Universal (CDU) | |
| Notação | 91 |
| Edição | 2ª |
| Língua da edição | por |
| 700 #1 - Nome de autor-pessoa física (responsabilidade principal) | |
| Número de registo de entrada de autoridade | 0001715 |
| Palavra de ordem | Morris |
| Outra parte do nome não tomada para palavra de ordem | Neil |
| 702 #1 - Nome de autor-pessoa física (responsabilidade secundária) | |
| Número de registo de entrada de autoridade | 0001719 |
| Palavra de ordem | Silva |
| Outra parte do nome não tomada para palavra de ordem | Ana Maria Pinto da |
| Código de função | Tradutor |
| Número de registo de entrada de autoridade | 0001716 |
| Palavra de ordem | Card |
| Outra parte do nome não tomada para palavra de ordem | Vanessa |
| Código de função | Ilustrador / Técnico de desenho computorizado |
| 942 ## - Elementos de entrada adicionados (Koha) | |
| Tipo de item no Koha | Livro |
| Situação do levantamento | Origin of item (home branch) (coded) | Biblioteca de empréstimo | Código de barras | Cota | Circulation type (not for loan) | Tipo de documento | Nota do exemplar | Damaged status |
|---|---|---|---|---|---|---|---|---|
| Biblioteca Escolar da Coca Maravilhas | Biblioteca Escolar da Coca Maravilhas | BECM3970/98 | 9GEO MOR | Livro | Sem mensagem |
